O crepúsculo do macho (Record no. 144268)

MARC details
000 -LÍDER
campo de controle de tamanho fixo 00506 a2200181 4500
001 - NÚMERO DE CONTROLE
campo de controle 144268
040 ## - FONTE DA CATALOGAÇÃO
Instituição que transcreveu o registro Leonardo Da Vinci
041 ## - CÓDIGO DE IDIOMA
Código do idioma do texto/trilha sonora ou título diferente Português
082 ## - CDD - CLASSIFICAÇÃO DECIMAL DE DEWEY
Número de Classificação 325.21 G113c
Número do exemplar G113c
100 ## - ENTRADA PRINCIPAL--NOME PESSOAL
Nome pessoal GABEIRA, Fernando
245 ## - TÍTULO
Título O crepúsculo do macho
Restante do título depoimento
250 ## - EDIÇÃO
Edição 16. ed
260 ## - PUBLICAÇÃO, DISTRIBUIÇÃO, ETC.
Nome do editor, distribuidor, etc. CODECRI
Data da publicação, distribuição, etc. 1981
Local de publicação, distribuição, etc. Rio de Janeiro
362 ## - DATAS DE PUBLICAÇÃO E/OU DESIGNAÇÃO SEQUENCIAL
Datas de publicação e/ou designação sequencial 19810000
490 ## - TÍTULO DA SÉRIE
Título da série v. 82
697 ## - ENTRADA DE ASSUNTO LOCAL--ENTIDADE COLETIVA (RLIN)
Nome corporativo ou nome da jurisdição Biografia
-- Fernando Gabeira
-- Refugiados políticos
-- Depoimentos
-- Exilados
-- 1964
-- Exílio
-- Brasil
942 ## - ELEMENTOS DE ENTRADA ADICIONADOS (KOHA)
Tipo de material Koha Livros
Holdings
Situação do descarte Situação das perdas Situação física Não pode ser emprestado Biblioteca de origem Biblioteca atual Data de aquisição Total de empréstimos Número de chamada completo Código de barras Data de último acesso Data do preço efetivo Tipo de material Koha
        Leonardo Da Vinci - Alphaville 1 Leonardo Da Vinci - Alphaville 1 27/03/2024   325.21 G113c A00552LVA 27/03/2024 27/03/2024 Livros